Imprentas, ediciones y grabados de México barroco (Record no. 14)

MARC details
000 -CABECERA
campo de control de longitud fija 00973nam a2200241 a 4500
001 - NÚMERO DE CONTROL
campo de control BRCA_14
005 - FECHA Y HORA DE LA ÚLTIMA TRANSACCIÓN
campo de control 20190320202838.0
008 - DATOS DE LONGITUD FIJA--INFORMACIÓN GENERAL
campo de control de longitud fija 960117s1995 mx-a---##b---#000-0#spa-#
040 ## - FUENTE DE LA CATALOGACIÓN
Centro catalogador/agencia de origen DLC
Centro/agencia transcriptor DLC
Centro/agencia modificador DLC
050 #4 - SIGNATURA TOPOGRÁFICA DE LA BIBLIOTECA DEL CONGRESO
Número de clasificación NE1114
Número de documento/Ítem .I47 1995
245 10 - MENCIÓN DE TÍTULO
Título Imprentas, ediciones y grabados de México barroco
Mención de responsabilidad, etc. Museo Amparo, Puebla, Pue.
260 ## - PUBLICACIÓN, DISTRIBUCIÓN, ETC.
Lugar de publicación, distribución, etc. México
Nombre del editor, distribuidor, etc. Backal
Fecha de publicación, distribución, etc. 1995
300 ## - DESCRIPCIÓN FÍSICA
Extensión 258 p.
Otras características físicas il. (algunas a color), mapas (1 doblado)
Dimensiones 27 cm.
500 ## - NOTA GENERAL
Nota general Incluye nómina de impresores y nómina de grabadores de los siglos XVII, XVIII y XIX
500 ## - NOTA GENERAL
Nota general Incluye índice de ilustraciones
650 14 - PUNTO DE ACCESO ADICIONAL DE MATERIA--TÉRMINO DE MATERIA
Término de materia o nombre geográfico como elemento de entrada Libros
Subdivisión de forma Exposiciones
Subdivisión general Historia
Subdivisión cronológica Siglo XVII
Subdivisión geográfica México
9 (RLIN) 69
650 14 - PUNTO DE ACCESO ADICIONAL DE MATERIA--TÉRMINO DE MATERIA
Término de materia o nombre geográfico como elemento de entrada Libros
Subdivisión de forma Exposiciones
Subdivisión general Historia
Subdivisión cronológica Siglo XVIII
Subdivisión geográfica México
9 (RLIN) 70
650 14 - PUNTO DE ACCESO ADICIONAL DE MATERIA--TÉRMINO DE MATERIA
Término de materia o nombre geográfico como elemento de entrada Grabado mexicano
Subdivisión de forma Exposiciones
Subdivisión cronológica Siglo XVII
9 (RLIN) 71
650 14 - PUNTO DE ACCESO ADICIONAL DE MATERIA--TÉRMINO DE MATERIA
Término de materia o nombre geográfico como elemento de entrada Grabado mexicano
Subdivisión de forma Exposiciones
Subdivisión cronológica Siglo XVIII
9 (RLIN) 72
651 #4 - PUNTO DE ACCESO ADICIONAL DE MATERIA--NOMBRE GEOGRÁFICO
Nombre geográfico México
Subdivisión de forma Exposiciones
Subdivisión general Impresiones
9 (RLIN) 73
710 2# - PUNTO DE ACCESO ADICIONAL--NOMBRE DE ENTIDAD CORPORATIVA
Nombre de entidad corporativa o nombre de jurisdicción como elemento de entrada Museo Amparo (Puebla, México)
9 (RLIN) 74
942 ## - ELEMENTOS DE PUNTO DE ACCESO ADICIONAL (KOHA)
Fuente del sistema de clasificación o colocación Library of Congress Classification
Tipo de ítem Koha Libros
Holdings
Estado de retiro Estado de pérdida Estado dañado No para préstamo Localización permanente Ubicación/localización actual Fecha de adquisición Total de préstamos Signatura topográfica completa Código de barras Fecha visto por última vez Precio válido a partir de Tipo de ítem Koha
El ejemplar forma parte de la colección y puede ser consultado según las políticas vigentes.       Biblioteca del Museo Franz Mayer (Rogerio Casas-Alatriste) Biblioteca del Museo Franz Mayer (Rogerio Casas-Alatriste) 24/06/2008   NE1114 .I47 1995 00010_1 23/03/2019 23/03/2019 Libros